| 000 | 00635nam a2200229 4500 | ||
|---|---|---|---|
| 003 | DO-SdBNP | ||
| 005 | 20180216131500.0 | ||
| 008 | 161124b1993 sp ||||| |||| 00| 0 spa d | ||
| 020 | _a8434834375 | ||
| 040 |
_aBPMSU _bspa _cBPMSU |
||
| 100 | 1 | _aArmijo, Consuelo | |
| 245 | 1 | 0 |
_aLos batautos / _cConsuelo Armijo ; ilustraciones de Ángel Esteban. |
| 250 | _a3a ed. | ||
| 260 |
_aMadrid : _bSM, _c1993 |
||
| 300 |
_a159 p. : _bil. : _c18 cm |
||
| 490 | 1 |
_aCatamarán _v30 |
|
| 700 | 1 | _aEsteban, Ángel | |
| 830 | 0 |
_aCatamarán _v30 |
|
| 942 |
_2ddc _cBK |
||
| 945 | _aInventariado, 2018 /LP | ||
| 956 |
_aLOPEREZ _b10 _hBPMSU |
||
| 999 |
_c12080 _d12080 |
||